Real Madrid... or FC Barcelona? - Statistics

General Stats
  • This quiz has been taken 2,971 times
  • The average score is 10 of 14
Answer Stats
Question Answer % Correct
Is from Spain Both
98%
Is the club Messi played his entire senior career FC Barcelona
97%
Has won the most Champions League titles Real Madrid
97%
Had Zlatan Ibrahimovic as player in 2009-2010 FC Barcelona
93%
Won the most FIFA Club World Cup titles Real Madrid
86%
Had Ronaldo (Brazilian) as a player Both
84%
Has won the most national league titles Real Madrid
84%
Was founded in 1899 FC Barcelona
80%
Has a Los Merengues as one of its nicknames Real Madrid
77%
Has a stadium capacity of 99,354 FC Barcelona
71%
Has won the most national cup titles FC Barcelona
68%
Won the most Supercopa de España titles FC Barcelona
68%
Won the most European Super Cup titles FC Barcelona
13%
Has won 72 times in 'El Clasico' (Real Madrid - FC Barcelona) Both
9%
No matching quizzes found
Score Distribution
Percent of People with Each Score
Percentile by Number Answered
Your Score History
You have not taken this quiz